000 00610nam a2200193Ia 4500
001 15130
003 GE_BSU
008 181216s||||||||xx |||||||||||||| ||und||
040 _cGE_BSU
080 _a515.1(075.8)
100 _aВернер,А.А. Кантор,Б.Е.
245 _aЭлементы топологии и дифференциальной геометрии
260 _aМосква
260 _bПросвещение.
260 _c1985
300 _a110стр.22см.
653 _aЭлементы топологии и дифференциальной геометрии
942 _cBK
999 _c48246
_d48246